Quiz sul Canada - Statistics

Statistiche generali
  • Questo quiz è stato fatto 2.761 volte
  • Il punteggio medio è 8 su 22
Statistiche sulle risposte
Hint Risposta % Corretto
Capitale Ottawa
96%
Città più popolosa Toronto
85%
Sport più popolare Hockey su ghiaccio
84%
Oggetto che compare sulla bandiera Foglia d'{acero}
77%
Provincia con la maggioranza della popolazione di lingua francese Quebec
68%
Città più popolosa di questa provincia Montreal
52%
Insediamento vichingo stabilito intorno al 1000 d.C. {Vin}land
49%
Provincia più popolata Ontario
33%
Primo ministro eletto nel 2015 Justin Trudeau
30%
Animale nazionale Castoro
25%
La maggioranza degli stranieri residenti in Canada provengono da questo paese Cina
24%
Festa celebrata il secondo lunedì di ottobre Festa del {ringraziamento}
21%
Capo dello stato ufficiale del Canada Carlo III
17%
Città che ospita lo "Stempede", un festival annuale del rodeo Calgary
15%
Isola più grande Isola di {Baffin}
14%
Piatto tipico canadese composto da patatine fritte, sugo e cagliata di formaggio Poutine
13%
Inno nazionale O Canada
11%
Provincia più piccola Isola del Principe Edoardo
10%
La struttura autoportante più alta del paese CN Tower
9%
Parco nazionale più antico Banff
8%
Termine gergale con il quale gli americani chiamano un canadese Canuck
7%
Uccello che compare sulla moneta da un dollaro {Strolaga} maggiore
3%
Nessun quiz corrispondente trovato
Distribuzione punteggi
Percentuale di utenti per punteggio
Percentile per numero di risposta
I tuoi punteggi nel tempo
Non hai fatto questo quiz